Sports Quiz

Random Sports or Cricket Quiz
Score 0/47 Timer 10:00
1 Play Today
Partnership Runs Waugh's Partner % Correct
231Steve Waugh
99.2%
197Steve Waugh
99.2%
190Steve Waugh
99.2%
153Steve Waugh
99.2%
153Steve Waugh
99.2%
133Steve Waugh
99.2%
116Steve Waugh
99.2%
112Steve Waugh
99.2%
107Steve Waugh
99.2%
181Matthew Hayden
95.4%
164Matthew Hayden
95.4%
150Matthew Hayden
95.4%
147Justin Langer
95.4%
116Justin Langer
95.4%
111Matthew Hayden
95.4%
175David Boon
94.6%
125David Boon
94.6%
123David Boon
94.6%
122David Boon
94.6%
110David Boon
94.6%
109David Boon
94.6%
108*David Boon
94.6%
106David Boon
94.6%
106David Boon
94.6%
Partnership Runs Waugh's Partner % Correct
103David Boon
94.6%
101David Boon
94.6%
221Ricky Ponting
93.1%
183Michael Slater
93.1%
182Michael Slater
93.1%
169Mark Taylor
93.1%
156Michael Slater
93.1%
126Mark Taylor
93.1%
123Mark Taylor
93.1%
123Ricky Ponting
93.1%
108Ricky Ponting
93.1%
103Mark Taylor
93.1%
204Allan Border
92.3%
150Allan Border
92.3%
140*Allan Border
92.3%
123Adam Gilchrist
92.3%
101Ian Healy
90.8%
184Dean Jones
87.7%
125Michael Bevan
75.4%
122Michael Bevan
75.4%
120Michael Bevan
75.4%
106Darren Lehmann
74.6%
171Greg Matthews
42.3%
Come Together.
Have Fun.
All Virtual.
We all need to come together. Play Sporcle's virtual live trivia to have fun, connect with people, and get your trivia on. Join a live hosted trivia game for your favorite pub trivia experience done virtually. If a virtual private party is more your thing, go here for details.

You're not logged in!

Compare scores with friends on all Sporcle quizzes.
OR
Log In

Sporcle TV

Today on Sporcle TV


Watch our educational content, quiz creation guides, and fun videos on Sporcle TV.

Show Comments

Extras

Top Quizzes Today


Score Distribution

Paid Content

Your Account Isn't Verified!

In order to create a playlist on Sporcle, you need to verify the email address you used during registration. Go to your Sporcle Settings to finish the process.

Report this User

Report this user for behavior that violates our Community Guidelines.

Details: